000 00285nam a2200109Ia 4500
008 171211s9999 xx 000 0 und d
245 4 _aThe Logical Trader
245 _cMark B. Fisher
260 _c2002
650 _xBUSINESS
856 _uhttp://down.ebook777.com/062/9780471215516.pdf
999 _c349512
_d349512